000 00884nam a2200205 4500
001 123614
003 ES-MaACL
005 20250925163309.0
007 t|
008 070214s1931 sp r ||||1| spa d
100 1 _aRahola y Trémols, Federico,
_d1858-1919
_995016
245 1 0 _aComercio de Cataluña con América en el siglo XVIII /
_cpor D. Federico Rahola y Trèmols ; con un prólogo de D. Bartolomé Amengual.
260 _aBarcelona :
_bArtes Gráficas, Sucesores de Henrich y Cia.,
_c1931.
300 _aXXX, 304 p., 8 f. de lám. :
_bil. ;
_c25.
500 _aPrecede al tít.: Cámara Oficial de Comercio y Navegación de Barcelona, Premio Conde de Lavern.
700 1 _aAmengual, Bartolomé,
_d1866-1961
_921197
710 2 _aCámara Oficial de Comercio, Industria y Navegación de Barcelona.
_92390
852 _aES-MaACL
_jA-232
999 _c123614
_d123614